| 000 | 00402nam a2200145Ia 4500 | ||
|---|---|---|---|
| 008 | 200103s9999||||xx |||||||||||||| ||und|| | ||
| 020 | _a0947637761, | ||
| 040 | _aIMU-MPC | ||
| 082 | _aColumn-9 | ||
| 100 | _aJackson, Leslie and Morton, Thomas D. | ||
| 245 | 0 | _aReed's General Engineering Knowledge for Marine Engineers | |
| 260 |
_bThomas Reed Publications Ltd. _c2001 |
||
| 300 | _a532 | ||
| 942 | _cBK | ||
| 999 |
_c4182 _d4182 |
||